<?xml version="1.0" encoding="UTF-8"?>
<collection xmlns="http://www.loc.gov/MARC21/slim">
 <record>
  <leader>03634cam a2200757   4500</leader>
  <controlfield tag="001">731577604</controlfield>
  <controlfield tag="003">DE-627</controlfield>
  <controlfield tag="005">20240308173549.0</controlfield>
  <controlfield tag="007">tu</controlfield>
  <controlfield tag="008">121210s2012    sp ||||| m    00| ||cat c</controlfield>
  <datafield tag="010" ind1=" " ind2=" ">
   <subfield code="a">  2014417885</subfield>
  </datafield>
  <datafield tag="020" ind1=" " ind2=" ">
   <subfield code="a">9788493903343</subfield>
   <subfield code="9">978-84-939033-4-3</subfield>
  </datafield>
  <datafield tag="020" ind1=" " ind2=" ">
   <subfield code="a">8493903345</subfield>
   <subfield code="9">84-939033-4-5</subfield>
  </datafield>
  <datafield tag="035" ind1=" " ind2=" ">
   <subfield code="a">(DE-627)731577604</subfield>
  </datafield>
  <datafield tag="035" ind1=" " ind2=" ">
   <subfield code="a">(DE-576)37997925X</subfield>
  </datafield>
  <datafield tag="035" ind1=" " ind2=" ">
   <subfield code="a">(DE-599)BVBBV022277540</subfield>
  </datafield>
  <datafield tag="035" ind1=" " ind2=" ">
   <subfield code="a">(OCoLC)839278053</subfield>
  </datafield>
  <datafield tag="035" ind1=" " ind2=" ">
   <subfield code="a">(OCoLC)828381808</subfield>
  </datafield>
  <datafield tag="035" ind1=" " ind2=" ">
   <subfield code="a">(DE-604)BV022277540</subfield>
  </datafield>
  <datafield tag="040" ind1=" " ind2=" ">
   <subfield code="a">DE-627</subfield>
   <subfield code="b">ger</subfield>
   <subfield code="c">DE-627</subfield>
   <subfield code="e">rakwb</subfield>
  </datafield>
  <datafield tag="041" ind1=" " ind2=" ">
   <subfield code="a">cat</subfield>
   <subfield code="a">ger</subfield>
   <subfield code="a">eng</subfield>
  </datafield>
  <datafield tag="044" ind1=" " ind2=" ">
   <subfield code="c">XA-ES</subfield>
  </datafield>
  <datafield tag="050" ind1=" " ind2="0">
   <subfield code="a">CN384</subfield>
  </datafield>
  <datafield tag="082" ind1="0" ind2=" ">
   <subfield code="a">481</subfield>
   <subfield code="q">LOC</subfield>
   <subfield code="2">21</subfield>
  </datafield>
  <datafield tag="082" ind1="0" ind2="4">
   <subfield code="a">480</subfield>
   <subfield code="a">930</subfield>
   <subfield code="q">DNB</subfield>
  </datafield>
  <datafield tag="084" ind1=" " ind2=" ">
   <subfield code="a">6,14</subfield>
   <subfield code="2">ssgn</subfield>
  </datafield>
  <datafield tag="084" ind1=" " ind2=" ">
   <subfield code="a">FH 19500</subfield>
   <subfield code="q">BVB</subfield>
   <subfield code="2">rvk</subfield>
   <subfield code="0">(DE-625)rvk/30623:</subfield>
  </datafield>
  <datafield tag="084" ind1=" " ind2=" ">
   <subfield code="a">15.17</subfield>
   <subfield code="2">bkl</subfield>
  </datafield>
  <datafield tag="084" ind1=" " ind2=" ">
   <subfield code="a">15.14</subfield>
   <subfield code="2">bkl</subfield>
  </datafield>
  <datafield tag="245" ind1="1" ind2="0">
   <subfield code="a">Epigrafia funerària d'estrangers a Atenes</subfield>
   <subfield code="b">(segles VI - IV aC) = Die Grabinschriften der Ausländer in Athen (6. bis 4. Jh. v.Chr.)</subfield>
   <subfield code="c">Anna Ginestí Rosell</subfield>
  </datafield>
  <datafield tag="246" ind1="3" ind2="1">
   <subfield code="a">Die Grabinschriften der Ausländer in Athen (6. bis 4. Jh. v.Chr.)</subfield>
  </datafield>
  <datafield tag="264" ind1=" " ind2="1">
   <subfield code="a">Tarragona</subfield>
   <subfield code="b">Institut Català d'Arqueologia Clàssica</subfield>
   <subfield code="c">2012</subfield>
  </datafield>
  <datafield tag="300" ind1=" " ind2=" ">
   <subfield code="a">402 S.</subfield>
   <subfield code="b">Ill</subfield>
   <subfield code="c">30 cm</subfield>
  </datafield>
  <datafield tag="336" ind1=" " ind2=" ">
   <subfield code="a">Text</subfield>
   <subfield code="b">txt</subfield>
   <subfield code="2">rdacontent</subfield>
  </datafield>
  <datafield tag="337" ind1=" " ind2=" ">
   <subfield code="a">ohne Hilfsmittel zu benutzen</subfield>
   <subfield code="b">n</subfield>
   <subfield code="2">rdamedia</subfield>
  </datafield>
  <datafield tag="338" ind1=" " ind2=" ">
   <subfield code="a">Band</subfield>
   <subfield code="b">nc</subfield>
   <subfield code="2">rdacarrier</subfield>
  </datafield>
  <datafield tag="490" ind1="1" ind2=" ">
   <subfield code="a">Documenta / Institut Català d'Arqueologia Clàssica</subfield>
   <subfield code="v">19</subfield>
  </datafield>
  <datafield tag="500" ind1=" " ind2=" ">
   <subfield code="a">Text dt. und katalan. - Abstract in engl. Sprache. - Basado en la tesis de la autora. - Bibliografía: p. 377-392. Índice. - Texto en catalán y alemán; resumen en inglé</subfield>
  </datafield>
  <datafield tag="546" ind1=" " ind2=" ">
   <subfield code="a">Text teilw. katalan., teilw. dt. - Mit Zusammenfassung in engl.</subfield>
  </datafield>
  <datafield tag="583" ind1="1" ind2=" ">
   <subfield code="a">Archivierung/Langzeitarchivierung gewährleistet</subfield>
   <subfield code="f">SSG</subfield>
   <subfield code="x">XA-DE-BW</subfield>
   <subfield code="2">pdager</subfield>
   <subfield code="5">DE-16</subfield>
  </datafield>
  <datafield tag="650" ind1=" " ind2="0">
   <subfield code="a">Inscriptions, Greek</subfield>
   <subfield code="z">Greece</subfield>
   <subfield code="z">Athens</subfield>
  </datafield>
  <datafield tag="650" ind1=" " ind2="0">
   <subfield code="a">Sepulchral monuments</subfield>
   <subfield code="z">Greece</subfield>
   <subfield code="z">Athens</subfield>
  </datafield>
  <datafield tag="650" ind1=" " ind2="0">
   <subfield code="a">Stele (Archaeology)</subfield>
   <subfield code="z">Greece</subfield>
   <subfield code="z">Athens</subfield>
  </datafield>
  <datafield tag="650" ind1=" " ind2="0">
   <subfield code="a">Estelas (Arqueología)</subfield>
   <subfield code="x">Atenas</subfield>
  </datafield>
  <datafield tag="650" ind1=" " ind2="0">
   <subfield code="a">Inscripciones griegas</subfield>
   <subfield code="x">Atenas</subfield>
  </datafield>
  <datafield tag="650" ind1=" " ind2="0">
   <subfield code="a">Extranjeros</subfield>
   <subfield code="x">Historia</subfield>
   <subfield code="x">Atenas</subfield>
  </datafield>
  <datafield tag="655" ind1=" " ind2="7">
   <subfield code="a">Hochschulschrift</subfield>
   <subfield code="0">(DE-588)4113937-9</subfield>
   <subfield code="0">(DE-627)105825778</subfield>
   <subfield code="0">(DE-576)209480580</subfield>
   <subfield code="2">gnd-content</subfield>
  </datafield>
  <datafield tag="689" ind1="0" ind2="0">
   <subfield code="d">g</subfield>
   <subfield code="0">(DE-588)4003366-1</subfield>
   <subfield code="0">(DE-627)106389807</subfield>
   <subfield code="0">(DE-576)208851313</subfield>
   <subfield code="a">Athen</subfield>
   <subfield code="2">gnd</subfield>
  </datafield>
  <datafield tag="689" ind1="0" ind2="1">
   <subfield code="d">s</subfield>
   <subfield code="0">(DE-588)4068754-5</subfield>
   <subfield code="0">(DE-627)106105086</subfield>
   <subfield code="0">(DE-576)209174544</subfield>
   <subfield code="a">Antike</subfield>
   <subfield code="2">gnd</subfield>
  </datafield>
  <datafield tag="689" ind1="0" ind2="2">
   <subfield code="d">s</subfield>
   <subfield code="0">(DE-588)4131555-8</subfield>
   <subfield code="0">(DE-627)104458364</subfield>
   <subfield code="0">(DE-576)209628219</subfield>
   <subfield code="a">Grabinschrift</subfield>
   <subfield code="2">gnd</subfield>
  </datafield>
  <datafield tag="689" ind1="0" ind2="3">
   <subfield code="d">s</subfield>
   <subfield code="0">(DE-588)4003725-3</subfield>
   <subfield code="0">(DE-627)10638872X</subfield>
   <subfield code="0">(DE-576)20885262X</subfield>
   <subfield code="a">Ausländer</subfield>
   <subfield code="2">gnd</subfield>
  </datafield>
  <datafield tag="689" ind1="0" ind2=" ">
   <subfield code="5">(DE-627)</subfield>
  </datafield>
  <datafield tag="700" ind1="1" ind2=" ">
   <subfield code="a">Ginestí Rosell, Anna</subfield>
   <subfield code="0">(DE-588)1160758298</subfield>
   <subfield code="0">(DE-627)1024188140</subfield>
   <subfield code="0">(DE-576)506171752</subfield>
   <subfield code="4">oth</subfield>
  </datafield>
  <datafield tag="787" ind1="0" ind2="8">
   <subfield code="i">Rezensiert in</subfield>
   <subfield code="a">Marchiandi, Daniela, 1972 - </subfield>
   <subfield code="t">[Rezension von: Anna Ginestí Rosell, Epigrafia funerària d'estrangers a Atenes (segles VI-IV aC)]</subfield>
   <subfield code="d">2015</subfield>
   <subfield code="w">(DE-627)1822967147</subfield>
  </datafield>
  <datafield tag="810" ind1="2" ind2=" ">
   <subfield code="a">Institut Català d'Arqueologia Clàssica</subfield>
   <subfield code="t">Documenta</subfield>
   <subfield code="v">19</subfield>
   <subfield code="9">19</subfield>
   <subfield code="w">(DE-627)617283192</subfield>
   <subfield code="w">(DE-576)263573281</subfield>
   <subfield code="w">(DE-600)2535875-3</subfield>
   <subfield code="7">ns</subfield>
  </datafield>
  <datafield tag="935" ind1=" " ind2=" ">
   <subfield code="i">Blocktest</subfield>
  </datafield>
  <datafield tag="936" ind1="r" ind2="v">
   <subfield code="a">FH 19500</subfield>
   <subfield code="b">Sammlungen unter besonderen Aspekten</subfield>
   <subfield code="k">Klassische Philologie. Byzantinistik. Mittellateinische und Neugriechische Philologie. Neulatein</subfield>
   <subfield code="k">Griechische Autoren und Anonyma</subfield>
   <subfield code="k">Inschriften</subfield>
   <subfield code="k">Sammlungen unter besonderen Aspekten</subfield>
   <subfield code="0">(DE-627)1270775766</subfield>
   <subfield code="0">(DE-625)rvk/30623:</subfield>
   <subfield code="0">(DE-576)200775766</subfield>
  </datafield>
  <datafield tag="936" ind1="b" ind2="k">
   <subfield code="a">15.17</subfield>
   <subfield code="j">Klassische Archäologie</subfield>
   <subfield code="0">(DE-627)106419749</subfield>
  </datafield>
  <datafield tag="936" ind1="b" ind2="k">
   <subfield code="a">15.14</subfield>
   <subfield code="j">Diplomatik</subfield>
   <subfield code="j">Epigraphik</subfield>
   <subfield code="0">(DE-627)181569639</subfield>
  </datafield>
  <datafield tag="951" ind1=" " ind2=" ">
   <subfield code="a">BO</subfield>
  </datafield>
  <datafield tag="990" ind1=" " ind2=" ">
   <subfield code="a">Athen</subfield>
  </datafield>
  <datafield tag="990" ind1=" " ind2=" ">
   <subfield code="a">Antike</subfield>
  </datafield>
  <datafield tag="990" ind1=" " ind2=" ">
   <subfield code="a">Grabinschrift</subfield>
  </datafield>
  <datafield tag="990" ind1=" " ind2=" ">
   <subfield code="a">Ausländer</subfield>
  </datafield>
  <datafield tag="991" ind1=" " ind2=" ">
   <subfield code="a">Rezensiertes Werk</subfield>
  </datafield>
  <datafield tag="999" ind1=" " ind2=" ">
   <subfield code="a">KXP-PPN731577604</subfield>
   <subfield code="e">4216979130</subfield>
  </datafield>
 </record>
</collection>
